|
|
แสดงรายละเอียดบรรณานุกรม |
|
|
Brief Record
: Get Marc (ISO 2709)
: E-mail record
: |
|
|
| LEADER 00000nama 2200000uu 4500 | |||
| 001 189272 | |||
| 003 ULIBM | |||
| 008 040531s2545 th m m a000 0 tha d | |||
| 041 tha | |||
| 050 อ KPT3138.A35 ส473 2545 | |||
| 100 สถาบันพระบรมราชชนก | |||
| 245 ร่างพระราชบัญญัติสถาบันพระบรมราชชนก พ.ศ....(ฉบับนำเสนอคณะรัฐมนตรี) | |||
| 260 สบช. นนทบุรี 2545 | |||
| 300 32 หน้า | |||
| 650 พระราชบัญญัติ - สถาบันพระบรมราชชนก | |||
| 999 ^aใช้งานได้ทุกระบบ | |||
| คุณยังไม่ได้ล็อกอิน คุณสามารถมีกิจกรรมร่วมกับเว็บไซต์ได้ แต่ต้องล็อกอินก่อน :: |
|
| สถานะ | |||||||||
| 1. | หนังสืออ้างอิง | อ KPT3138.A35 ส473 2545 | On Shelf | ||||||
| 2. | หนังสืออ้างอิง | อ KPT3138.A35 ส473 2545 ฉ.2 | On Shelf | ||||||
| 3. | หนังสืออ้างอิง | อ KPT3138.A35 ส473 2545 ฉ.3 | On Shelf | ||||||
| 4. | หนังสืออ้างอิง | อ KPT3138.A35 ส473 2545 ฉ.4 | On Shelf | ||||||
| 5. | หนังสืออ้างอิง | อ KPT3138.A35 ส473 2545 ฉ.5 | On Shelf | ||||||
| 6. | หนังสืออ้างอิง | อ KPT3138.A35 ส473 2545 ฉ.6 | On Shelf | ||||||
| 7. | หนังสืออ้างอิง | อ KPT3138.A35 ส473 2545 ฉ.7 | On Shelf | ||||||
| 8. | หนังสืออ้างอิง | อ KPT3138.A35 ส473 2545 ฉ.8 | On Shelf | ||||||
| 9. | หนังสืออ้างอิง | อ KPT3138.A35 ส473 2545 ฉ.9 | On Shelf | ||||||
| 10. | หนังสืออ้างอิง | อ KPT3138.A35 ส473 2545 ฉ.11 | On Shelf | ||||||
| 11. | หนังสืออ้างอิง | อ KPT3138.A35 ส473 2545 ฉ.12 | On Shelf | ||||||
| 12. | หนังสืออ้างอิง | อ KPT3138.A35 ส473 2545 ฉ.13 | On Shelf | ||||||
| | |||||||||
| รายการใกล้เคียง ผู้แต่ง [สถาบันพระบรมราชชนก]
|
BibComment |
| คอมเมนท์ทรัพยากรรายการนี้ |
|
|